| 000 | 02122pam a2200409 i 4500 | ||
|---|---|---|---|
| 001 | 990209662320107026 | ||
| 003 | UkOxU | ||
| 005 | 20250619132140.0 | ||
| 008 | 170503s2017 enka b 000|0|eng|d | ||
| 015 |
_aGBB7B4372 _2bnb |
||
| 016 | 7 |
_a018408849 _2Uk |
|
| 020 |
_a9781786330895 (hbk.) : _cĐ12.99 |
||
| 020 |
_z9781473539600 (ePub ebook) : _cĐ12.99 |
||
| 035 | _a(UkOxU)020966232 | ||
| 035 | _a(UkOxU)020966232BIB01 | ||
| 035 | _a(Uk)018408849 | ||
| 040 |
_aStDuBDS _beng _erda _cStDuBDS _dUk |
||
| 041 | 1 |
_aEnglish _hSpanish |
|
| 042 | _aukblcatcopy | ||
| 100 |
_aGarcía, Héctor, _d1981- _eauthor. |
||
| 240 | 1 | 0 |
_aIkigai. _lEnglish |
| 245 | 1 | 0 |
_aIkigai _b: the Japanese secret to a long and happy life _c/ Héctor García and Francesc Miralles ; translated by Heather Cleary. |
| 264 | 1 |
_aLondon : _bHutchinson, _c2017. |
|
| 300 |
_a194 pages : _billustrations (black and white) ; _c19 cm |
||
| 500 | _aTranslated from the Spanish. | ||
| 500 | _aThis translation originally published: New York: Penguin Books. | ||
| 500 |
_aFormerly CIP. _5Uk |
||
| 504 | _aIncludes bibliographical references. | ||
| 520 | _aWe all have an ikigai. It''s the Japanese word for ''a reason to live'' or ''a reason to jump out of bed in the morning''. It''s the place where your needs, desires, ambitions, and satisfaction meet. A place of balance. Small wonder that finding your ikigai is closely linked to living longer. Finding your ikigai is easier than you might think. This book will help you work out what your own ikigai really is, and equip you to change your life. You have a purpose in this world: your skills, your interests, your desires and your history have made you the perfect candidate for something. All you have to do is find it. Do that, and you can make every single day of your life joyful and meaningful. | ||
| 650 | 0 |
_aSelf-actualization (Psychology) _97023 |
|
| 650 | 0 |
_aHappiness _zJapan. |
|
| 650 | 0 |
_aLongevity _zJapan. |
|
| 650 | 0 |
_aWell-being _zJapan. |
|
| 700 |
_aMiralles, Francesc, _d1968- _eauthor. |
||
| 700 |
_aCleary, Heather, _etranslator. _925535 |
||
| 942 | _2lcc | ||
| 999 |
_c4776 _d4776 |
||